Opening Pandora's box - the Method of Measurement for Highway Works (MMHW): Part 2 - relationships (Record no. 117218)
[ view plain ]
| 000 -LEADER | |
|---|---|
| fixed length control field | 01724cam a2200253 4500 |
| 001 - CONTROL NUMBER | |
| control field | ABS67769 |
| 008 - FIXED-LENGTH DATA ELEMENTS--GENERAL INFORMATION | |
| fixed length control field | 040420n2004 000 0 eng u |
| 035 ## - SYSTEM CONTROL NUMBER | |
| System control number | (Sirsi) u125887 |
| 100 ## - MAIN ENTRY--PERSONAL NAME | |
| Personal name | Mitchell, H. |
| 245 ## - TITLE STATEMENT | |
| Title | Opening Pandora's box - the Method of Measurement for Highway Works (MMHW): Part 2 - relationships |
| 260 ## - PUBLICATION, DISTRIBUTION, ETC. | |
| Date of publication, distribution, etc. | 2004 |
| 490 ## - SERIES STATEMENT | |
| Series statement | Civil Engineering Surveyor |
| Volume/sequential designation | April 2004, 33-35(3) |
| 520 ## - SUMMARY, ETC. | |
| Summary, etc. | Considers the relationship between MMHW and contract documents for highway works. Cites specifically the "ICE conditions of contract", which is being dropped by the Highways Agency (HA) in favour of their design and build conditions for all major improvement schemes. The HA uses the "Engineering and Construction Contract" for nearly all other works. The "Specification for Highway Works", contained in the "Manual of contract documents for highway works", is intended to be used on all highway contracts. Draws together the relationship between the conditions of contract, the specification, notes for guidance, the drawings and bills of quantities. Concludes that each of the contract documents has a different role to play, so it is vital that the content of each of the documents is restricted to only the information it is required to contain. Overlap and duplication of content between the various documents must be avoided if clear and unambiguous contract documents are to be achieved. Flowcharts. |
| 590 ## - LOCAL NOTE (RLIN) | |
| Local note | ABS |
| 590 ## - LOCAL NOTE (RLIN) | |
| Local note | ABS |
| 650 ## - SUBJECT ADDED ENTRY--TOPICAL TERM | |
| Topical term or geographic name entry element | METHODS OF MEASUREMENT |
| 650 ## - SUBJECT ADDED ENTRY--TOPICAL TERM | |
| Topical term or geographic name entry element | CIVIL ENGINEERING |
| 650 ## - SUBJECT ADDED ENTRY--TOPICAL TERM | |
| Topical term or geographic name entry element | MMHW |
| 650 ## - SUBJECT ADDED ENTRY--TOPICAL TERM | |
| Topical term or geographic name entry element | HIGHWAY ENGINEERING |
| 650 ## - SUBJECT ADDED ENTRY--TOPICAL TERM | |
| Topical term or geographic name entry element | ICE CONDITIONS OF CONTRACT |
| 650 ## - SUBJECT ADDED ENTRY--TOPICAL TERM | |
| Topical term or geographic name entry element | CONTRACT DOCUMENTS |
| 690 ## - LOCAL SUBJECT ADDED ENTRY--TOPICAL TERM (OCLC, RLIN) | |
| Topical term or geographic name as entry element | QUANTITY SURVEYING |
| 9 (RLIN) | 6263 |
| 942 ## - ADDED ENTRY ELEMENTS (KOHA) | |
| Suppress in OPAC | 0 |
| Withdrawn status | Lost status | Source of classification or shelving scheme | Damaged status | Not for loan | Home library | Current library | Shelving location | Date acquired | Total Checkouts | Full call number | Barcode | Date last seen | Copy number | Price effective from | Koha item type |
|---|---|---|---|---|---|---|---|---|---|---|---|---|---|---|---|
| Dewey Decimal Classification | London | London | Journal article | 20/04/2004 | ABS67769 | 125887-1001 | 06/08/2019 | 1 | 06/08/2019 | Journal article |